Estadísticas para Ciudades más Grandes en un Desierto

Haz click aquí para intentar la prueba.

Estadísticas generales

  • Esta prueba ha sido intentada 639 veces
  • La puntuación promedio es 8 de 14

Estadísticas de respuestas

ContinentePoblaciónCiudad% Correcto
África17.1 mEl Cairo
88%
Asia14.0 mTeherán
74%
Asia6.90 mRiad
71%
Asia7.00 mBagdad
69%
América del Sur10.1 mLima
68%
Asia4.15 mDubai
60%
Asia3.53 mDamasco
53%
África5.70 mJartum
49%
América del Norte4.40 mFénix
48%
África5.25 mAlejandría
45%
Asia5.20 mAmán
45%
Asia4.28 mKuwait
44%
Asia25.1 mKarachi
43%
Asia4.38 mYeda
27%

Distribución de puntuación

Porcentaje por número respondido

Porcentaje de gente con cada puntuación

Historial de tus puntuaciones

No has intentado esta prueba.